The origins of Yoruba speech
Պահպանված է:
| Հիմնական հեղինակ: | |
|---|---|
| Ձևաչափ: | Գիրք |
| Լեզու: | անգլերեն |
| Հրապարակվել է: |
Sefer Books,
2012
|
| Ցուցիչներ: |
Ավելացրեք ցուցիչ
Չկան պիտակներ, Եղեք առաջինը, ով նշում է այս գրառումը!
|
MARC
| LEADER | 00000nam a22000007a 4500 | ||
|---|---|---|---|
| 008 | 210408b ||||| |||| 00| 0 eng d | ||
| 020 | |a 978-8059-36-8 | ||
| 100 | |a ODUYOYE, Modupe. | ||
| 245 | |a The origins of Yoruba speech |c Modupe Oduyoye |g 160p. | ||
| 260 | |b Sefer Books, |c 2012 |h Ibadan: |i 691270 (Part II) |i 690992 |l PL8824 .Od8 |m Yoruba language – Dialects – Nigeria. |m Yoruba language – Nigeria – Nominals. |m Speech – Study and teaching – Nigeria. | ||
| 942 | |a lcc |c BK |e Adeniran F. A |f 08/04/2021 | ||
| 952 | |0 0 |1 0 |2 lcc |4 0 |6 PL8824 O D8 |7 0 |9 2058 |a HOL |b ART |c LP |d 2021-04-08 |l 0 |o PL8824 .Od8 |p 2021-5915 |r 2021-04-08 00:00:00 |w 2021-04-08 |y BK | ||
| 952 | |0 0 |1 0 |2 lcc |4 0 |6 PL8824 O D8 |7 0 |9 2059 |a HOL |b HOL |c LP |d 2021-04-08 |l 0 |o PL8824 .Od8 |p 2021-5916 |r 2021-04-08 00:00:00 |w 2021-04-08 |y BK | ||
| 952 | |0 0 |1 0 |2 lcc |4 0 |6 PL8824 Z90 D8 |7 0 |9 2380 |a HOL |b ART |d 2021-04-30 |l 0 |o PL8824 .Z90d8 |p 2021-6232 |r 2021-04-30 00:00:00 |w 2021-04-30 |y BK | ||
| 999 | |c 1070 |d 1070 | ||